000 01027nam a2200253 a 4500
008 120416s1994 ||||||||||||||||| || u
020 _a0340595027
050 _aHD 82 Aut
100 _aAuty, R. M. (Richard M.)
245 1 0 _aPatterns of development
246 _aresources, policy and economic growth
260 _aLondon
_bEdward Arnold
_c1994
300 _axii, 300p. : ill.
350 _a0.00
500 _aIncludes bibliographical references (p. [273]-286) and index.
650 0 _aECONOMIC DEVELOPMENT--AFRICA, SUB-SAHARAN
650 0 _aMANAGEMENT
650 0 _aDEVELOPING COUNTRIES--ECONOMIC POLICY
650 _aINCOME DISTRIBUTION--DEVELOPING COUNTRIES
650 0 _aECONOMIC DEVELOPMENT--ENVIRONMENTAL ASPECTS
650 0 _aDEVELOPING COUNTRIES--ECONOMIC CONDITIONS
856 _uhttp://www.loc.gov/catdir/enhancements/fy0604/95176209-d.html
995 _D0.00
_FCBU-MAIN LIBRARY (Kitwe)
_H1
_I14.99
_M1
_UAVAILABLE
_ZMain Library Open Access Collection
999 _c53216
_d53216